[Event "EYCC 2017"]
[Site "Mamaia"]
[Date "2017.09.12"]
[Round "7"]
[White "Trimitzios, Petros"]
[Black "Kosakowski, Jakub"]
[Result "1-0"]
[WhiteElo "2191"]
[BlackElo "2332"]
[Annotator "ChessBase"]
[PlyCount "105"]
[EventDate "2017.??.??"]
[EventType "swiss"]
[EventCountry "ROU"]
[SourceTitle "playchess.com"]
[Source "ChessBase"]
[SourceQuality "1"]
[TimeControl "40/5400+30:1800+30"]

1. d4 {[%emt 0:00:00]} Nf6 {[%emt 0:00:17]} 2. c4 {[%emt 0:00:25]} g6 {[%emt 0:00:15]} 3. g3 {[%emt 0:00:40]} Bg7 {[%emt 0:00:15]} 4. Bg2 {[%emt 0:00:33]} O-O {[%emt 0:00:35]} 5. Nf3 {[%emt 0:00:29]} d6 {[%emt 0:00:15]} 6. O-O {[%emt 0:00:58]} c6 {[%emt 0:00:12]} 7. Nc3 {[%emt 0:03:02]} Bf5 {[%emt 0:00:25]} 8. Re1 {[%emt 0:01:29]} Ne4 {[%emt 0:02:47]} 9. Nd2 {[%emt 0:18:22]} Nxc3 {[%emt 0:09:53]} 10. bxc3 {[%emt 0:00:38]} Na6 {[%emt 0:01:25]} 11. e4 {[%emt 0:07:01]} Bd7 {[%emt 0:00:32]} 12. Nf1 {[%emt 0:05:12]} Qa5 {[%emt 0:04:21]} 13. Bd2 {[%emt 0:00:36]} e5 {[%emt 0:02:55]} 14. Ne3 {[%emt 0:04:17]} Rfe8 {[%emt 0:02:06]} 15. c5 {[%emt 0:09:17]} dxc5 {[%emt 0:07:35]} 16. Nc4 {[%emt 0:00:33]} Qc7 {[%emt 0:00:16]} 17. Nxe5 {[%emt 0:00:07]} Rad8 {[%emt 0:29:58]} 18. Bf4 {[%emt 0:04:13]} g5 {[%emt 0:02:23]} 19. Bxg5 {[%emt 0:05:18]} f6 {[%emt 0:00:22]} 20. Qb3+ {[%emt 0:03:15]} c4 {[%emt 0:08:30]} 21. Qxc4+ {[%emt 0:01:29]} Be6 {[%emt 0:00:21]} 22. d5 {[%emt 0:00:33]} cxd5 {[%emt 0:01:31]} 23. exd5 {[%emt 0:00:39]} fxg5 {[%emt 0:00:55]} 24. Qxc7 {[%emt 0:00:02]} Nxc7 {[%emt 0:00:09]} 25. dxe6 {[%emt 0:00:02]} Rxe6 {[%emt 0:00:12]} 26. Ng4 {[%emt 0:03:37]} h5 {[%emt 0:13:48]} 27. Ne3 {[%emt 0:00:40]} Bxc3 {[%emt 0:00:25]} 28. Red1 {[%emt 0:00:01]} Rxd1+ {[%emt 0:09:28]} 29. Rxd1 {[%emt 0:00:04]} Re7 {[%emt 0:00:29]} 30. Bxb7 {[%emt 0:00:48]} a5 {[%emt 0:00:52]} 31. Kg2 {[%emt 0:03:39]} Bb4 {[%emt 0:00:50]} 32. h4 {[%emt 0:02:50]} gxh4 {[%emt 0:00:10]} 33. Nf5 {[%emt 0:00:07]} Re2 {[%emt 0:01:02]} 34. Nxh4 {[%emt 0:00:09]} Ne6 {[%emt 0:01:24]} 35. Bf3 {[%emt 0:02:01]} Rb2 {[%emt 0:00:23]} 36. Kf1 {[%emt 0:08:33]} Bc5 {[%emt 0:00:23]} 37. Be2 {[%emt 0:00:12]} Kg7 {[%emt 0:00:22]} 38. a4 {[%emt 0:00:20]} Kf6 {[%emt 0:00:41]} 39. Rd5 {[%emt 0:00:27]} Bb6 {[%emt 0:00:22]} 40. Rxh5 {[%emt 0:00:00]} Nd4 {[%emt 0:00:03]} 41. Bb5 {[%emt 0:02:12]} Ba7 {[%emt 0:02:44]} 42. Bd3 {[%emt 0:05:40]} Nb3 {[%emt 0:03:51]} 43. Rf5+ {[%emt 0:00:49]} Kg7 {[%emt 0:00:43]} 44. g4 {[%emt 0:01:01]} Nc5 {[%emt 0:02:24]} 45. Bc4 {[%emt 0:00:54]} Bb6 {[%emt 0:04:29]} 46. Rf7+ {[%emt 0:00:39]} Kh6 {[%emt 0:00:06]} 47. f4 {[%emt 0:03:04]} Ne4 {[%emt 0:00:38]} 48. Bd3 {[%emt 0:00:27]} Rb4 {[%emt 0:07:30]} 49. Kg2 {[%emt 0:02:20]} Rxa4 {[%emt 0:00:26]} 50. Kf3 {[%emt 0:00:44]} Nd2+ {[%emt 0:01:11]} 51. Kg3 {[%emt 0:00:14]} Ne4+ {[%emt 0:00:51]} 52. Bxe4 {[%emt 0:00:01]} Bf2+ {[%emt 0:00:20]} 53. Kh3 {[%emt 0:00:42]} 1-0

[Event "EYCC 2017"]
[Site "Mamaia"]
[Date "2017.09.12"]
[Round "7"]
[White "Antonica, Dragos-Andrei"]
[Black "Tsaruk, Maksim"]
[Result "1/2-1/2"]
[WhiteElo "2188"]
[BlackElo "2060"]
[Annotator "TA"]
[PlyCount "95"]
[EventDate "2017.??.??"]
[EventType "swiss"]
[EventCountry "ROU"]
[SourceTitle "playchess.com"]
[Source "ChessBase"]
[SourceQuality "1"]

{[%evp 14,95,35,38,33,33,60,60,60,59,71,29,30,34,68,67,66,62,62,62,62,61,66,54,54,54,54,60,70,54,97,101,95,83,90,75,75,77,81,77,77,82,77,70,69,52,56,52,61,0,0,0,18,11,57,52,67,34,66,72,68,40,59,0,79,69,90,37,37,36,36,36,34,16,28,0,130,22,28,5,5,0,0,0]} 1. d4 f5 2. Nf3 Nf6 3. c4 b6 4. Nc3 Bb7 5. g3 e6 6. Bg2 Be7 7. O-O O-O 8. d5 Qc8 {A84: Dutch Defence: 2 c4 Miscellaneous} (8... Na6 9. Nd4 Nc5 10. Bf4 a5 11. Rc1 Qc8 12. Ndb5 d6 13. dxe6 Bxg2 14. Kxg2 Nxe6 15. Be3 Rf7 16. f3 Qd7 {1-0 (39) Mareco,S (2635)-Vallejo Pons,F (2711) Doha 2016}) 9. Nd4 {[%cal Bf3d4,Bd4c2,Bc2e3,Be3d5][%mdl 32]} c5 10. Nc2 Na6 $146 {White is slightly better.} ({Predecessor:} 10... e5 11. Bh3 g6 12. e4 fxe4 13. Qe2 Na6 14. Nxe4 Nxe4 15. Qxe4 Qc7 16. Bh6 {1-0 (51) Bernadskiy,V (2500)-Klekowski,M (2338) Krakow 2013}) 11. b3 d6 12. Bb2 Nc7 13. Ne3 exd5 14. Ncxd5 Ncxd5 15. Nxd5 Nxd5 16. Bxd5+ Kh8 17. e3 Rb8 18. Qf3 b5 19. cxb5 Bxd5 20. Qxd5 Rxb5 21. Rfd1 Bf6 22. Bxf6 Rxf6 23. Rac1 g6 24. Qc4 Qb8 25. Rd5 Kg7 26. Rcd1 Rb6 27. e4 fxe4 28. Qxe4 Qf8 29. f4 Qf7 30. Re1 Rb4 31. Qe7 ({White should play} 31. Qd3 $14) 31... Rb7 $11 32. Qe4 Kf8 33. Red1 Qe7 (33... Re7 $5 {[%cal Re7e4]} 34. Qc4 Rd7 $16) 34. Qd3 $36 {[%cal Rd5d6][%mdl 2048] White has some pressure.} Rb6 35. f5 Qf7 {[%cal Rg6f5]} 36. Rf1 Kg7 37. Kg2 Qb7 38. Kg1 Qf7 39. h4 h6 40. Kh2 (40. Rf2 $16) 40... gxf5 $14 41. Rfxf5 Rxf5 42. Rxf5 {[%mdl 4096] Endgame KQR-KQR} Qe6 43. Qc3+ Kg6 $1 44. Rf8 {And now Qd3+ would win.} Qe2+ {[#]} (44... Rb4 $1 $11) 45. Kh3 ({Only move:} 45. Kg1 $1 $16 Qd1+ 46. Kg2 Qe2+ 47. Kg1 Qd1+ 48. Kg2 Qe2+ 49. Kg1) 45... Qe6+ $11 46. g4 {Threatening mate with h5+.} h5 47. Rf4 {next Qd3+ is good for White.} Rb4 48. Rxb4 {Precision: White = 46%, Black = 64%.} 1/2-1/2

[Event "EYCC 2017"]
[Site "Mamaia"]
[Date "2017.09.12"]
[Round "7"]
[White "Gueci, Tea"]
[Black "Szucs, Edina"]
[Result "1-0"]
[WhiteElo "2181"]
[BlackElo "2023"]
[Annotator "TA"]
[PlyCount "65"]
[EventDate "2017.??.??"]
[EventType "swiss"]
[EventCountry "ROU"]
[SourceTitle "playchess.com"]
[Source "ChessBase"]
[SourceQuality "1"]

{[%evp 21,65,14,59,30,34,0,0,0,0,-9,42,33,29,3,71,72,75,66,76,66,90,87,71,77,61,20,55,53,201,208,192,182,213,206,355,88,566,585,658,656,656,643,634,629,604,591]} 1. e4 e5 2. Nf3 Nc6 3. Bb5 {[%cal Bf1b5,Bb5a4,Ba4b3][%mdl 32]} a6 4. Ba4 Nf6 5. O-O b5 6. Bb3 Be7 7. d3 d6 8. a4 Rb8 9. axb5 axb5 10. h3 O-O 11. Nc3 h6 {LiveBook: 5 Games. C84: Closed Ruy Lopez: Unusual White 6th moves} (11... Nb4 12. Bg5 Bd7 13. Qd2 Nh5 14. Ra7 Bxg5 15. Qxg5 Nf6 16. Rfa1 Be6 17. Bxe6 fxe6 18. Qd2 Nc6 19. R7a6 {1-0 (76) Volokitin,A (2722)-Ragger,M (2655) Austria 2012}) 12. Be3 Be6 13. Nd5 Bxd5 $146 {The position is equal.} ({Predecessor:} 13... Re8 14. Ra6 Bd7 15. Nd2 Nxd5 16. exd5 {1-0 (74) Pierantozzi,L-Khater,S ICC INT 2009}) 14. exd5 Nb4 15. c4 Nxd3 ({Black should play} 15... Rb7 $11) 16. cxb5 $14 Qd7 17. b6 cxb6 (17... e4 $11) 18. Qxd3 $16 {[#] Black must now prevent Nd2.} e4 19. Qe2 exf3 20. Qxf3 Qb5 21. Bf4 {Threatens to win with Ra7.} Ra8 22. Rac1 $36 {[%mdl 2048] White is really pushing.} Rfc8 23. Rfe1 Bf8 24. Rc6 Rxc6 ({Better is} 24... Re8 $14 25. Rec1 Qe2) 25. dxc6 $18 {[%cal Bd5c6,Bc6c7][%mdl 32]} Rc8 26. Rc1 {[%cal Be1c1,Bc1c3,Bc3g3,Bg3g6][%mdl 32]} d5 27. c7 Qb4 (27... Qd7 {was worth a try.} 28. Rd1 Rxc7 29. Bxc7 (29. Bxd5 Ra7 $16) 29... Qxc7 30. Bxd5 Nxd5) 28. Be5 $2 (28. Rc6 $18 {is more deadly. Strongly threatening Rxf6!} Qe1+ 29. Kh2) 28... Nd7 $2 {[%mdl 8192]} (28... Bd6 $16 {is a better chance.} 29. Bxf6 Rxc7) 29. Qf5 {White is clearly winning.} Qb5 {If only Black now had time for ...g6....} 30. Rc3 g6 31. Rg3 {[#] Threatening mate with Rxg6+!} Bg7 32. Rxg6 $1 fxg6 33. Qxg6 {Precision: White = 54%, Black = 23%.} 1-0

[Event "EYCC 2017"]
[Site "Mamaia"]
[Date "2017.09.12"]
[Round "7"]
[White "Ognean, Mihnea-Ionut"]
[Black "Shubin, Kirill"]
[Result "0-1"]
[WhiteElo "2166"]
[BlackElo "2375"]
[Annotator "TA"]
[PlyCount "88"]
[EventDate "2017.??.??"]
[EventType "swiss"]
[EventCountry "ROU"]
[SourceTitle "playchess.com"]
[Source "ChessBase"]
[SourceQuality "1"]

{[%evp 15,88,31,20,0,35,-44,-46,-61,-11,-31,-15,-17,1,0,107,121,92,59,52,55,48,34,27,26,75,-44,-67,-47,-37,-98,-108,-72,0,-87,-98,-89,0,0,0,-20,75,0,191,150,179,162,212,0,0,0,0,-8,-8,-10,-27,-98,23,0,253,-21,-25,-93,-92,-235,-231,-281,-292,-1591,-1522,-5173,-1820,-29978,-29979,-29978,-29979]} 1. e4 {[%cal Be2e4,Be4e5][%mdl 32]} e6 2. d4 d5 3. Nd2 Be7 4. Ngf3 Nf6 5. e5 Nfd7 6. Bd3 c5 7. c3 Nc6 8. O-O h5 {LiveBook: 23 Games. C06: French Tarrasch: 3...Nf6 4 e5 Nfd7 5 Bd3 main lines} 9. Bc2 $146 (9. h4 $5) ({Predecessor:} 9. Qe2 a5 10. dxc5 Qc7 11. Bb5 a4 12. b4 axb3 13. Nxb3 Nxc5 14. Nxc5 Bxc5 15. c4 O-O 16. Bf4 dxc4 17. Bxc4 {1-0 (118) Adams,M (2740)-Rapport,R (2671) Biel 2015}) 9... b6 10. dxc5 (10. c4 $14) 10... bxc5 $15 {Black is slightly better.} 11. Re1 h4 12. c4 Nb6 13. h3 Bd7 14. a3 Qc7 (14... a5 $11) 15. cxd5 $1 $16 exd5 16. Nf1 Be6 17. Ne3 Qd7 18. b4 cxb4 19. Nd4 Bc5 20. Ndf5 (20. Nxc6 $16 Qxc6 21. axb4 Bxb4 22. Bd2) 20... Kf8 $1 $15 {Hoping for ...d4.} 21. axb4 Bxb4 22. Bb2 (22. Nd6 $1 $15) 22... Bxe1 $17 23. Qxe1 Rh5 (23... Kg8 $17 {Strongly threatening ...Rb8.} 24. Qc3 Rc8) 24. Nd4 (24. Qd1 $11 Rh8 25. Qf3 (25. Ba3+ Kg8 $15)) 24... Nxd4 $1 25. Bxd4 {Threatens to win with Qd1.} Rc8 (25... Nc4 $17 26. Qd1 Rh8) 26. Bd3 $11 g6 27. f4 Nc4 (27... Rc7 $11) 28. Rxa7 (28. Ng4 $1 $16 {[%cal Rg4f6]} Bxg4 29. Rxa7) 28... Qd8 $2 (28... Rc7 $11 {and Black stays safe.} 29. Qb4+ Kg7) 29. Ng4 $1 $18 {[%mdl 1024] White has strong compensation.} Rc7 30. Ra6 Qc8 31. Qb4+ $2 ({Better is} 31. Qa1 $18 Rb7 32. Bxg6 $1 {[%mdl 512]} fxg6 33. Rxe6 $1 {[%mdl 512]}) 31... Kg7 $11 32. Nf6 Rh8 33. Ra1 Qb7 34. Qe1 Qb3 $1 {[%cal Rb3d3]} 35. Qe2 (35. Nxd5 $1 $11 Bxd5 36. e6+ f6 37. Bxc4 Qxc4 38. Bxf6+ $1 {[%mdl 512]} Kxf6 39. Qe5+ Ke7 40. Qg7+ Kxe6 41. Qxg6+ Kd7 42. Qg7+ Kd6 43. Qxh8) 35... Qb4 (35... Na3 $1 $17 {[%cal Ra3c2] aiming for ...Nc2.} 36. Qf1 Nc2) 36. f5 gxf5 $2 {[%mdl 8192] [#]} (36... Nd6 $11 37. Qe3 Nxf5 38. Bxf5 gxf5) 37. Qf3 $2 (37. Bxf5 $1 $18 {[%mdl 512]} Bxf5 38. Nxd5) 37... Qd2 {And now ...Qg5 would win.} 38. Rd1 (38. g4 $11 fxg4 39. Nh5+ $1 {[%mdl 512]} Kh6 40. Qf6+ Kxh5 41. Bf2) 38... Qg5 $17 {...Nd2 is the strong threat.} 39. Nxd5 {[#]} (39. Bxf5 $17 Qxf5 40. Qxf5 Bxf5 41. Nxd5) 39... Nd2 $1 $19 {[%cal Rd2f3]} 40. Rxd2 {Black must now prevent Be3.} Rc1+ 41. Rd1 $2 (41. Kh2 Qxd2 42. Be3 Bxd5 43. Bxd2 Bxf3 44. Bxc1) 41... Bxd5 (41... Rxd1+ $2 42. Qxd1 Bxd5 43. Bf1 $19) 42. e6+ f6 43. Qxd5 Rxd1+ 44. Bf1 Qc1 {Precision: White = 30%, Black = 54%.} 0-1

[Event "EYCC 2017"]
[Site "Mamaia"]
[Date "2017.09.12"]
[Round "7"]
[White "Beydullayeva, Govhar"]
[Black "Berdnyk, Mariia"]
[Result "1-0"]
[WhiteElo "2164"]
[BlackElo "2055"]
[Annotator "TA"]
[PlyCount "117"]
[EventDate "2017.??.??"]
[EventType "swiss"]
[EventCountry "ROU"]
[SourceTitle "playchess.com"]
[Source "ChessBase"]
[SourceQuality "1"]

{[%evp 18,117,44,50,48,37,26,10,14,9,24,9,45,43,58,53,47,52,40,49,70,56,62,25,64,50,94,93,93,93,131,120,133,131,177,182,184,177,183,178,183,177,211,163,177,167,165,170,161,126,151,132,155,82,217,208,206,171,478,487,463,374,281,280,289,284,277,275,282,260,270,225,334,355,302,220,443,437,436,429,392,381,291,245,231,223,493,432,664,606,1241,1241,1116,1033,1761,1778,2209,1984,29983,29984,29998,29999]} 1. d4 Nf6 2. c4 e6 3. Nf3 d5 4. g3 dxc4 5. Qa4+ Bd7 6. Qxc4 Bc6 7. Bg2 Be7 8. Nc3 Nbd7 9. O-O O-O 10. Rd1 Rb8 {E02: Katalanisch} (10... a6 11. Qd3 b5 12. a3 Bb7 13. Bg5 c5 14. dxc5 Bxc5 15. Bxf6 Nxf6 16. Qxd8 Rfxd8 17. Ne5 Bxg2 18. Kxg2 Rxd1 19. Rxd1 {1-0 (35) Narciso Dublan,M (2508)-Diaz Camallonga,C (2432) Vilanova i la Geltru 2017}) 11. a4 $146 ({Vorgänger:} 11. Bd2 Ne4 12. Be1 Nxc3 13. bxc3 Be4 14. Qb3 c6 15. c4 Qb6 16. Qe3 Bc2 17. Rdc1 Bg6 18. a4 {½-½ (52) Bodnar,A (2301)-Schwarzkopf,C (2193) Bargteheide 2011}) 11... a5 12. Bf4 (12. Ne5 $5 {[%cal Rg2c6]} Bxg2 13. Kxg2 $14) 12... Nb6 {Die Stellung ist ausgeglichen.} 13. Qd3 Nbd5 14. Nxd5 Bxd5 15. Qc3 Bd6 16. Qxa5 Ra8 17. Qc3 Bxf4 18. gxf4 Ne4 19. Qe3 Nd6 20. Ne1 h6 21. Qd3 f5 22. Bxd5 exd5 23. Nf3 Nc4 24. Qc3 Ra6 25. b3 Rg6+ 26. Kh1 Nd6 27. Ne5 Ne4 {[%cal Re4f2] [#]} 28. Qe3 Re6 29. f3 Nf6 30. Qf2 Nd7 31. Rg1 {[%cal Bd1g1,Bg1g4,Bg4g6,Bg6d6,Bd6d8][%mdl 32]} Nxe5 32. fxe5 f4 33. Rg4 c5 34. Rag1 Rf7 35. dxc5 ({Günstiger ist} 35. e3) 35... Rxe5 (35... Qc7 $16) 36. Qd4 $18 Qf6 37. b4 h5 $2 (37... g5 38. h4 Rxe2 39. Qxf6 (39. Qxd5 Kf8 $16) 39... Rxf6) 38. Rg6 Qe7 39. Rd6 Rxe2 40. Qxd5 Re5 41. Rd8+ Kh7 42. Qd3+ Ref5 43. Rd5 Qe3 44. Rd1 $40 {[%mdl 128] Schwarz ist in Schwierigkeiten.} g6 (44... Kh6 $142 45. Rg1 (45. Rxf5 Rxf5 46. Qxe3 fxe3 $18) 45... R5f6) 45. Rxf5 gxf5 {[%mdl 4096] Endspiel KDT-KDT} 46. Qd5 Kh8 $2 (46... Kh6 47. Qd6+ Kh7) 47. c6 bxc6 48. Qxc6 {[#] Weiss droht Dh6+ und Matt.} Kh7 {Wenn Schwarz jetzt Zeit für ...Tg7 hätte...} 49. Qd5 Kh6 50. Rf1 Rg7 {beabsichtigt ...De2.} 51. Qd1 ({Minderwertig wäre} 51. Qxf5 Rg1+ 52. Rxg1 Qxf3+ 53. Rg2 Qf1+ 54. Rg1 Qf3+ 55. Rg2 Qf1+ 56. Rg1 Qf3+ $11) 51... Kh7 $2 (51... h4 {ist eine bessere Verteidigung.} 52. b5 Kh5) 52. b5 ({Nicht} 52. Qd5 Kh6 $18) 52... h4 (52... Rg5 $142 53. Qc2 Qb6) 53. Qe1 h3 {( -> ...Tg1+!)} 54. Qh4+ Kg8 55. Qxh3 Qd3 56. Rc1 Qd7 57. Qh5 Qb7 58. Re1 {[%cal Re1e8]} Rc7 59. Qg6+ {Precision: Weiß = 65%, Schwarz = 31%.} 1-0

[Event "EYCC 2017"]
[Site "Mamaia"]
[Date "2017.09.12"]
[Round "7"]
[White "Suvorov, Alexander"]
[Black "Zachary, Matheo"]
[Result "1/2-1/2"]
[WhiteElo "2157"]
[BlackElo "2325"]
[Annotator "TA"]
[PlyCount "81"]
[EventDate "2017.??.??"]
[EventType "swiss"]
[EventCountry "ROU"]
[SourceTitle "playchess.com"]
[Source "ChessBase"]
[SourceQuality "1"]

{[%evp 20,81,33,15,18,0,41,34,43,34,54,33,96,89,87,57,60,66,169,122,139,125,129,145,251,236,459,451,440,215,352,117,85,0,79,73,109,73,372,233,334,14,25,0,64,36,89,0,0,0,0,0,0,0,0,0,0,0,0,0,0,0,0,0]} 1. d4 d5 2. c4 c6 3. Nf3 Nf6 4. e3 Bf5 5. Nc3 e6 6. Nh4 Be4 7. f3 Bg6 8. Qb3 Qc7 9. Bd2 {D12: Slav Defence: 3 Nf3 Nf6 4 e3 Bf5} Be7 (9... a6 10. Rc1 dxc4 11. Bxc4 Nbd7 12. a4 Be7 13. g3 Bh5 14. O-O O-O 15. Ng2 Rad8 16. Nf4 Kh8 {½-½ (34) So,W (2822)-Caruana,F (2817) chess.com INT 2017}) 10. g3 Bh5 11. O-O-O {LiveBook: 17 Games. White is slightly better.} Nbd7 12. Be2 Rc8 $146 ({Predecessor:} 12... Nb6 13. c5 Nc4 14. Bxc4 dxc4 15. Qxc4 g5 16. g4 Bxg4 17. fxg4 gxh4 {1-0 (33) Malek,D (2389)-Stockmann,M (2266) Germany 2013}) 13. g4 Bg6 14. Nxg6 hxg6 15. g5 Nh5 ({Black should try} 15... dxc4 $1 $14 16. Qxc4 Nb6) 16. cxd5 $16 cxd5 17. f4 {[%cal Bf3f4,Bf4f5][%mdl 32]} a6 18. Kb1 O-O (18... Nb6 $14) 19. Rc1 Qb8 20. Rcg1 b5 21. f5 $1 {[%cal Rf5g6] aiming for fxg6.} exf5 (21... Nb6 $16) 22. Nxd5 $18 Bd6 $2 (22... Rce8 23. Nxe7+ Rxe7) 23. Bxh5 gxh5 {[#]} 24. g6 (24. Nf6+ $142 $1 {[%mdl 512]} gxf6 25. Qd5) 24... Qb7 {[#]} (24... Qa8 $142) 25. gxf7+ $2 (25. e4 $1 $18 {[%mdl 512]}) 25... Rxf7 $16 26. Rc1 (26. e4 $1 $16) 26... Re8 (26... Kh7 $11 {keeps the balance.}) 27. Rhg1 {Rg6 is the strong threat.} Re6 28. Rg5 g6 $2 {[%mdl 8192]} (28... Nf6 $16 29. Nxf6+ (29. Rxf5 Ne4 $11) 29... Rfxf6) 29. Rcg1 Kh7 {[#]} (29... Nf8 $142 30. Rxh5 b4) 30. Ka1 $2 ({Only move:} 30. e4 $1 $18 {[%cal Re4f5][%mdl 512]} Bxh2 (30... Rxe4 31. Rxg6) 31. Rh1 Rxe4 32. Rxh2) 30... Nf8 $1 $11 31. h3 Qd7 (31... b4 $11) 32. a3 Qe8 (32... Rg7 $14) 33. Bb4 ({White should play} 33. Qd1 $16 {Strongly threatening e4!} Ra7 34. Qf3) 33... Bxb4 {The position is equal.} 34. axb4 Ra7 35. Rxh5+ gxh5 {[#]} 36. Nf6+ $1 {[%mdl 512]} Rxf6 37. Qg8+ Kh6 38. Qg5+ Kh7 39. Qg8+ Kh6 40. Qg5+ Kh7 41. Qg8+ {Precision: White = 40%, Black = 27%.} 1/2-1/2

[Event "EYCC 2017"]
[Site "Mamaia"]
[Date "2017.09.12"]
[Round "7"]
[White "Makarian, Rudik"]
[Black "Budisavljevic, Luka"]
[Result "1-0"]
[WhiteElo "2146"]
[BlackElo "2272"]
[Annotator "TA"]
[PlyCount "79"]
[EventDate "2017.??.??"]
[EventType "swiss"]
[EventCountry "ROU"]
[SourceTitle "playchess.com"]
[Source "ChessBase"]
[SourceQuality "1"]

{[%evp 27,79,55,41,29,45,12,33,33,40,35,33,18,27,15,29,32,59,59,85,86,154,134,142,118,118,89,95,88,441,459,854,467,766,788,756,747,1042,777,750,747,1181,1174,29983,29978,29984,364,331,20,29988,29989,29996,29994,29997,29995]} 1. d4 Nf6 2. c4 c5 3. d5 e6 4. Nc3 exd5 5. cxd5 d6 6. Nf3 g6 7. Bf4 a6 8. a4 Bg7 9. h3 O-O 10. e3 Ne8 {A61: Modern Benoni: Nf3 without early e4} 11. Be2 Nd7 12. O-O Qe7 13. Bg3 (13. Re1 Rb8 14. Bf1 Nc7 15. e4 Ne5 16. Nxe5 Bxe5 17. Bxe5 Qxe5 18. Qd2 {0-1 (58) Tregubov,P (2593)-Ponkratov,P (2590) St Petersburg 2017}) 13... Ne5 14. Nd2 f5 {LiveBook: 5 Games} 15. Qc2 Bd7 16. Rae1 $146 ({Predecessor:} 16. Rfe1 Nc7 17. a5 Nb5 18. Bf1 {1-0 (35) Akhvlediani,I (2307)-Kekelidze,M (2396) Batumi 2017}) 16... Nc7 17. a5 Rab8 18. f4 Nf7 19. e4 fxe4 20. Ndxe4 Bf5 {Strongly threatening ...Bxc3.} 21. Bd3 {[%cal Be2d3,Bd3e4,Be4f5,Bf5b1][%mdl 32] aiming for Nxc5!} Qd7 22. Bh4 Bd4+ 23. Kh2 Kg7 (23... Rbe8 $142) 24. g4 Bxe4 25. Bxe4 Rbe8 26. Qd2 Nb5 27. f5 gxf5 $2 {[%mdl 8192]} (27... Be5+ $16 {is a better chance.} 28. Kg2 Nd4) 28. Bxf5 $18 Qc7 (28... Rxe1 $142 29. Rxe1 (29. Bxd7 Rxf1 30. Bxb5 axb5 $11) 29... Be5+ 30. Rxe5 Nxe5 31. Qg5+ Kh8) 29. Ne4 Be5+ (29... Kh8 $142 30. Be6 Ne5) 30. Kg2 Nd4 {[#]} 31. Nf6 $1 {[%mdl 512]} Ra8 (31... Bxf6 32. Bxf6+) 32. Nh5+ Kh8 33. Bb1 Rae8 34. Nf6 Bxf6 35. Bxf6+ {[%cal Bh4f6,Bf6g7,Bg7e5][%mdl 32]} ({Weaker is} 35. Rxf6 Ne5 $18) 35... Kg8 {[#]} 36. Qd3 $2 (36. Bxh7+ $1 {[%mdl 512] mates} Kxh7 37. Rxe8 Rxe8 38. Qd3+ Kh6 39. Bxd4 cxd4 40. Rf6+ Kg7 41. Qg6+ Kf8 42. Qh6+ Ke7 {[#]} 43. Rxf7+ $1 {[%mdl 512]} Kxf7 44. Qh7+ Kf8 45. Qxc7) 36... Ne5 37. Qe3 $2 $40 {[%mdl 128] White mounts an attack.} ({Better is} 37. Qg3 $18) 37... Rf7 $2 {[%mdl 8192]} (37... Ndf3 $11 38. Qh6 Nxe1+ 39. Rxe1 Qf7) 38. Qg5+ {White mates.} Kf8 39. Bg7+ Kg8 40. Bxe5+ {Precision: White = 37%, Black = 18%.} 1-0

[Event "EYCC 2017"]
[Site "Mamaia"]
[Date "2017.09.12"]
[Round "7"]
[White "Kirillov, Dmitry"]
[Black "Dudek, Vojtech"]
[Result "1-0"]
[WhiteElo "2137"]
[BlackElo "1951"]
[Annotator "TA"]
[PlyCount "69"]
[EventDate "2017.??.??"]
[EventType "swiss"]
[EventCountry "ROU"]
[SourceTitle "playchess.com"]
[Source "ChessBase"]
[SourceQuality "1"]

{[%evp 11,69,5,39,2,-1,-18,-10,-22,-14,-45,-41,-96,-45,-61,-27,-28,-24,-52,-58,-52,-46,-90,-55,-63,-63,-60,-62,-56,-45,-83,-73,-141,-135,-129,-133,-131,-98,-93,-90,-98,-45,-99,64,63,61,70,60,75,329,326,583,510,536,536,530,525,515,453,514,508]} 1. e4 c5 2. Nf3 d6 3. Bb5+ Nd7 4. O-O a6 5. Be2 Ngf6 6. d3 {B51: Sicilian: Moscow Variation (3 Bb5+) without 3...Bd7} g6 {LiveBook: 12 Games} 7. h3 (7. c4 b6 8. Nc3 Bb7 9. Rb1 Bg7 10. b4 Rb8 11. bxc5 bxc5 12. Qa4 O-O 13. Rb3 e6 {½-½ (41) Antipov,M (2576)-Grandelius,N (2649) Gjakova 2016}) 7... Bg7 8. c3 {The position is equal.} O-O 9. Be3 b5 10. Ne1 $146 ({Predecessor:} 10. Qd2 Re8 11. Ng5 e5 12. f4 Bb7 13. f5 d5 14. fxg6 hxg6 15. exd5 Bxd5 {0-1 (34) Pavel,S (2087)-Stanciu,A (2356) Calimanesti 2013}) 10... Bb7 11. f4 {[#]} (11. Nc2 $15) 11... Rc8 (11... c4 $1 $17 {[%mdl 512]} 12. Nd2 (12. dxc4 Nxe4) 12... cxd3 13. Bxd3 Nc5) 12. Nd2 Nb6 (12... c4 $5) 13. Bf3 Nfd7 14. d4 e5 15. fxe5 cxd4 16. Bxd4 dxe5 17. Be3 Qe7 18. Qe2 Nc4 19. Nxc4 Rxc4 20. Bf2 Nf6 {[%cal Rf6e4]} 21. Nc2 (21. a4 $142) 21... Bxe4 22. Ne3 Bxf3 $1 23. Qxf3 Rcc8 24. Bh4 {[%cal Rh4f6]} Qa7 25. Kh1 {[#]} Ne8 (25... Nh5 $1 $17 26. a4 bxa4) 26. Rad1 ({White should play} 26. Nd5 $15 f6 27. Rfd1) 26... Rc7 $2 ({Black should try} 26... f5 $17 27. Nd5 Rf7) 27. Nd5 $14 Rd7 28. Bf2 Qb7 $1 29. Bc5 $36 {[%mdl 2048] White has strong initiative.} Nd6 $2 {[%mdl 8192] [#]} (29... f5 $16 30. Bxf8 e4) 30. Bxd6 $1 $18 Rfd8 $2 {[#]} (30... Re8 {was called for.} 31. Bc5 f5) 31. Ne7+ $1 {White is clearly winning.} Rxe7 32. Bxe7 Qxe7 33. Rxd8+ Qxd8 34. Qxf7+ Kh8 35. Qb7 {Precision: White = 38%, Black = 40%.} 1-0